000 00855nam0a22002291 4500
001 rc\2582482
005 20110914164232.5
035 _a(NLR Aleph) 006746918
090 _a5703663
_c5703663
100 _a20110914d1927 |||y0rusy50 ca
101 0 _arus
102 _aRU
105 _ay z |||||
200 1 _aПесни деревни
_eСборник из произведений крестьянских и пролетарских поэтов
_fСоставил Гр. Авлов
210 _aМосква
_aЛенинград
_cГос. изд-во
_d1927
_eЛенинград
_gтип. Печатный двор
215 _a64 с.
_d15х11 см.
700 1 _aАвлов
_bГ. А.
_f1885-1960
_gГригорий Александрович
801 0 _aRU
_bNLR
_gpsbo
801 1 _aRU
_bELAR
_2rusmarc
852 _aNLR
_j61/622
942 _cBOOK
980 _aNB